<?xml version="1.0" encoding="UTF-8"?>
<marc:record xmlns:marc="http://www.loc.gov/MARC21/slim">
   <marc:leader>00000nam a2200000 a 4500</marc:leader>
   <marc:datafield ind1="1" ind2=" " tag="100">
      <marc:subfield code="a">Engelke, Johannes</marc:subfield>
      <marc:subfield code="4">edt</marc:subfield>
      <marc:subfield code="e">Bearbeiter/-in</marc:subfield>
   </marc:datafield>
   <marc:datafield ind1=" " ind2=" " tag="653">
      <marc:subfield code="a">Softcover / Belletristik/Krimis</marc:subfield>
   </marc:datafield>
   <marc:datafield ind1=" " ind2=" " tag="653">
      <marc:subfield code="a">Thriller</marc:subfield>
   </marc:datafield>
   <marc:datafield ind1=" " ind2=" " tag="653">
      <marc:subfield code="a">Spionage</marc:subfield>
   </marc:datafield>
   <marc:datafield ind1=" " ind2=" " tag="653">
      <marc:subfield code="a">Krimis</marc:subfield>
   </marc:datafield>
   <marc:datafield ind1="0" ind2="0" tag="245">
      <marc:subfield code="a">Den Nächsten, der Frohe Weihnachten zu mir sagt, bringe ich um</marc:subfield>
   </marc:datafield>
   <marc:datafield ind1="0" ind2="0" tag="245">
      <marc:subfield code="b">12 Thriller</marc:subfield>
   </marc:datafield>
   <marc:datafield ind1="0" ind2="0" tag="245">
      <marc:subfield code="c">Johannes Engelke (Hrsg.)</marc:subfield>
   </marc:datafield>
   <marc:datafield ind1=" " ind2="1" tag="264">
      <marc:subfield code="a">München</marc:subfield>
      <marc:subfield code="b">Droemer</marc:subfield>
      <marc:subfield code="c">2013</marc:subfield>
   </marc:datafield>
   <marc:datafield ind1="1" ind2=" " tag="520">
      <marc:subfield code="a">Angaben aus der Verlagsmeldung

Den Nächsten, der FROHE WEIHNACHTEN zu mir sagt, bringe ich um : 12 Thriller

Weihnachtszeit ist Gruselzeit. Wenn die renommiertesten Thrillerautoren zur Feder greifen, ist niemand sicher - nicht einmal der Weihnachtsmann! Während draußen klirrende Kälte herrscht und drinnen die Stuben gut aufgeheizt sind, freut sich ein jeder auf Ruhe und Einkehr. Doch unsere Winterthriller räumen auf mit der friedvollen Adventszeit und kennen keine Gnade für Glöckchen, Glühwein, Gänsebraten. Da heißt es Mord und Totschlag statt Glanz und Gloria! Wenn Sie den kühlen Thrill zur Weihnachtszeit suchen, sind Sie bei uns blutrichtig!
</marc:subfield>
   </marc:datafield>
   <marc:datafield ind1=" " ind2=" " tag="020">
      <marc:subfield code="a">9783426199862</marc:subfield>
      <marc:subfield code="9">9783426199862</marc:subfield>
   </marc:datafield>
   <marc:datafield ind1=" " ind2=" " tag="020">
      <marc:subfield code="a">3426199866</marc:subfield>
      <marc:subfield code="9">3426199866</marc:subfield>
   </marc:datafield>
   <marc:datafield ind1=" " ind2=" " tag="041">
      <marc:subfield code="a">ger</marc:subfield>
   </marc:datafield>
   <marc:datafield ind1=" " ind2=" " tag="300">
      <marc:subfield code="a">399 S.</marc:subfield>
   </marc:datafield>
</marc:record>
